[Event "Championnat de France - Open D"]
[Site "Pau"]
[Date "2008.08.19"]
[Round "7.1"]
[White "Billon, Florent"]
[Black "Ollier, Patrice"]
[Result "1-0"]
[WhiteElo "1450"]
[BlackElo "1460"]
[PlyCount "76"]

1. d4 e6 2. c4 Nf6 3. Nc3 Bb4 4. Nf3 b6 5. e3 Bb7 6. Bd3 Ne4 7. Qc2 f5 8. O-O
O-O 9. Nxe4 fxe4 10. Bxe4 Bxe4 11. Qxe4 Nc6 12. d5 exd5 13. cxd5 Na5 14. Qxb4
Rf5 15. Qg4 Qf6 16. e4 Rxf3 17. gxf3 d6 18. Kh1 Rf8 19. Rg1 Qxf3+ 20. Qxf3 Rxf3
21. Rg2 Nc4 22. b3 Ne5 23. Bb2 Rf4 24. Bxe5 dxe5 25. Re1 Kf7 26. Re3 g6 27. f3
Ke7 28. Rg4 Rf6 29. Kg2 a5 30. Rh4 b5 31. Kg3 Ra6 32. Re2 c6 33. f4 Kf6 34. d6
Ke6 35. fxe5 c5 36. Rd2 Kxe5 37. d7 Rd6 38. Rxd6 Kxd6 1-0

[Event "Championnat de France - Open D"]
[Site "Pau"]
[Date "2008.08.19"]
[Round "7.2"]
[White "Sanchez, Amelie"]
[Black "Parisot, Anthony"]
[Result "1/2-1/2"]
[WhiteElo "1470"]
[BlackElo "1490"]
[PlyCount "150"]

1. e4 d5 2. exd5 Qxd5 3. Nc3 Qd6 4. Nf3 a6 5. h3 Nf6 6. Bc4 b5 7. Bb3 Bb7 8.
O-O e6 9. d3 Be7 10. Qe2 Nbd7 11. a3 O-O 12. Bg5 h6 13. Bh4 c5 14. Rfe1 Rfe8
15. Rad1 Qc7 16. Bg3 Bd6 17. Bxd6 Qxd6 18. Ne4 Qc7 19. Nfd2 Rad8 20. Qe3 Nd5
21. Qg3 Qxg3 22. Nxg3 N7f6 23. f3 Nb6 24. Nde4 Nxe4 25. fxe4 e5 26. Rf1 Rd7 27.
Kf2 Kf8 28. Ke2 f6 29. Rf3 a5 30. c4 b4 31. axb4 axb4 32. Nf1 Ra8 33. Ng3 Nc8
34. Nf5 Ne7 35. Ne3 Bc6 36. Ng4 Rd6 37. Nxe5 Bb7 38. Rd2 Kg8 39. Ng4 Ng6 40. g3
h5 41. Nf2 Ne5 42. Re3 Kh7 43. Kf1 Ra1+ 44. Rd1 Rda6 45. Kg2 Rxd1 46. Bxd1 Bc6
47. Bxh5 Ra2 48. Re2 g6 49. Bf3 Nxf3 50. Kxf3 Kg7 51. Ke3 Kf7 52. Ng4 Bd7 53.
Kf3 Kg7 54. h4 Bc6 55. Kf4 Ra8 56. Ne3 Rd8 57. Rd2 g5+ 58. hxg5 fxg5+ 59. Kxg5
Bxe4 60. Kf4 Bc6 61. Ke5 Be8 62. Kf4 Bc6 63. g4 Kf6 64. g5+ Kg6 65. Nf5 Rf8 66.
d4 Rxf5+ 67. Ke3 Rf3+ 68. Ke2 cxd4 69. Rxd4 Kxg5 70. Kd1 Rf4 71. Rxf4 Kxf4 72.
Kc2 Ke4 73. Kb3 Kd4 74. Kxb4 Bd7 75. b3 Be8 1/2-1/2

[Event "Championnat de France - Open D"]
[Site "Pau"]
[Date "2008.08.19"]
[Round "7.3"]
[White "Monnet, Sebastien"]
[Black "Roux, Jean-Marie"]
[Result "1-0"]
[WhiteElo "1431"]
[BlackElo "1470"]
[PlyCount "56"]

1. e4 e5 2. Nf3 Nc6 3. Bb5 Nd4 4. Bc4 Nxf3+ 5. Qxf3 Nf6 6. Qb3 Qe7 7. d3 c6 8.
a4 d5 9. exd5 cxd5 10. Bxd5 Nxd5 11. Qxd5 Qf6 12. Nc3 Bb4 13. Qb5+ Bd7 14. Qxb4
Bc6 15. Ne4 Bxe4 16. Qxe4 O-O 17. Bd2 b6 18. O-O Rac8 19. Bc3 Rfe8 20. f4 Qh6
21. fxe5 Qh5 22. Qf3 Qg6 23. Rae1 Rcd8 24. Re4 Rf8 25. Rg4 Qe6 26. Qg3 g6 27.
Rf6 Qa2 28. Rgxg6+ Kh8 1-0

[Event "Championnat de France - Open D"]
[Site "Pau"]
[Date "2008.08.19"]
[Round "7.4"]
[White "Laudat, Philippe"]
[Black "Bonnave, Olivier"]
[Result "0-1"]
[WhiteElo "1457"]
[BlackElo "1499"]
[PlyCount "68"]

1. d4 c5 2. c3 cxd4 3. cxd4 e6 4. e3 Nf6 5. Bd3 Nc6 6. Nf3 d5 7. O-O Bd6 8. Nc3
a6 9. e4 dxe4 10. Nxe4 Bb8 11. Nxf6+ Qxf6 12. Bc4 h6 13. Re1 O-O 14. Bd2 Nxd4
15. Nxd4 Qxd4 16. Bxh6 Qh4 17. g3 Qxh6 18. Re4 Qf6 19. Rh4 g6 20. Qd2 Rd8 21.
Qh6 Qg7 22. Qg5 Rd4 23. Bb3 Rxh4 24. Qxh4 Be5 25. Rd1 Bf6 26. Rd8+ Bxd8 27.
Qxd8+ Qf8 28. Qd2 Qe7 29. h4 Bd7 30. h5 gxh5 31. Qe2 Qg5 32. Bc2 Rc8 33. Qe4
Qc1+ 34. Kh2 Qxc2 0-1

[Event "Championnat de France - Open D"]
[Site "Pau"]
[Date "2008.08.19"]
[Round "7.6"]
[White "Lallement, Jose"]
[Black "Ulloa, Philippe"]
[Result "0-1"]
[WhiteElo "1490"]
[BlackElo "1440"]
[PlyCount "58"]

1. d4 d5 2. Nf3 Nf6 3. c4 e6 4. Nc3 Be7 5. e3 O-O 6. Bd3 c5 7. O-O cxd4 8. exd4
a6 9. Bg5 dxc4 10. Bxc4 b5 11. Bb3 Bb7 12. Be3 Nbd7 13. Bc2 h6 14. Qd3 Bxf3 15.
gxf3 Re8 16. Ne4 Rc8 17. Kh1 Nd5 18. a3 f5 19. Nc3 N7f6 20. Nxd5 Qxd5 21. Bd2
Bd6 22. h3 Rxc2 23. Kg2 Rc4 24. Bc3 Nh5 25. Qe3 Nf4+ 26. Kh2 Ng6+ 27. Kh1 Nh4
28. Rad1 Nxf3 29. Kg2 Nh4+ 0-1

[Event "Championnat de France - Open D"]
[Site "Pau"]
[Date "2008.08.19"]
[Round "7.7"]
[White "Gac, Jean-Luc"]
[Black "Benezra, David"]
[Result "1-0"]
[WhiteElo "1449"]
[BlackElo "1499"]
[PlyCount "83"]

1. e4 e6 2. d4 a6 3. Nf3 b5 4. Bd3 c5 5. dxc5 Bxc5 6. O-O Bb7 7. c3 Nf6 8. Bg5
h6 9. Bxf6 Qxf6 10. Nbd2 Nc6 11. Nb3 Bb6 12. Bc2 Ne5 13. Nxe5 Qxe5 14. Qd3 d5
15. exd5 Bxd5 16. Rae1 Qg5 17. g3 Rd8 18. Qe2 Qf6 19. Nd2 h5 20. Be4 g5 21.
Bxd5 Rxd5 22. c4 Re5 23. Qf3 Qxf3 24. Nxf3 Rf5 25. Nd2 b4 26. Ne4 Bd4 27. Nd6+
Ke7 28. Nxf5+ Kf6 29. Nxd4 h4 30. g4 Rd8 31. Nc6 Rd2 32. Rb1 h3 33. Nxb4 Ke5
34. Rfd1 Re2 35. Re1 Rxe1+ 36. Rxe1+ Kf4 37. c5 Kxg4 38. c6 Kf3 39. c7 g4 40.
Re3+ Kf4 41. c8=Q g3 42. Rxg3 1-0

[Event "Championnat de France - Open D"]
[Site "Pau"]
[Date "2008.08.19"]
[Round "7.8"]
[White "Niedzielski, Claude"]
[Black "Souchaud, Raymond"]
[Result "1/2-1/2"]
[WhiteElo "1400"]
[BlackElo "1480"]
[PlyCount "105"]

1. d4 d5 2. c4 e6 3. cxd5 exd5 4. Nc3 c6 5. Nf3 Be7 6. Qc2 h6 7. Rb1 Nf6 8. b4
a6 9. a4 b5 10. axb5 axb5 11. Bf4 Nbd7 12. e4 dxe4 13. Nxe4 O-O 14. Nxf6+ Nxf6
15. Qxc6 Bd7 16. Qb7 Re8 17. Be2 Qc8 18. Qxc8 Raxc8 19. Ne5 Bf5 20. Rb2 Nd5 21.
Bxb5 Red8 22. Bd2 Rd6 23. O-O Bf6 24. Rc1 Rxc1+ 25. Bxc1 Nc3 26. Bf1 Bxe5 27.
dxe5 Rd1 28. Bf4 Bd3 29. h3 Ne2+ 30. Kh2 Rxf1 31. Be3 Nc3 32. Bd4 Nb5 33. Bc5
Re1 34. f4 Nc7 35. Bd6 Ne6 36. b5 Nxf4 37. b6 Be4 38. b7 Bxb7 39. Rxb7 Re2 40.
Rb8+ Kh7 41. Rb7 Rxg2+ 42. Kh1 Kg6 43. e6 fxe6 44. Bxf4 Re2 45. Re7 Kf6 46. Re8
g5 47. Bd6 h5 48. Rf8+ Kg6 49. Rg8+ Kf5 50. Rf8+ Kg6 51. Rg8+ Kf5 52. Rf8+ Kg6
53. Rg8+ 1/2-1/2

[Event "Championnat de France - Open D"]
[Site "Pau"]
[Date "2008.08.19"]
[Round "7.9"]
[White "Leglise, Michel"]
[Black "Trocme, Jacques"]
[Result "0-1"]
[WhiteElo "1400"]
[BlackElo "1480"]
[PlyCount "94"]

1. e4 d6 2. Nf3 g6 3. d4 e6 4. Nc3 a6 5. Be2 h6 6. O-O Bg7 7. e5 d5 8. Na4 b6
9. c4 Bb7 10. b3 Nd7 11. Nc3 c6 12. cxd5 cxd5 13. b4 Ne7 14. a4 Qc7 15. Bb2 Nf5
16. Rc1 Qd8 17. g4 Ne7 18. Qd3 g5 19. Nd2 Ng6 20. Qf3 Nf4 21. h4 Qe7 22. Ba3
Qd8 23. Rc2 Nf8 24. Rfc1 N8g6 25. h5 Nh4 26. Qg3 O-O 27. b5 Re8 28. bxa6 Nxe2+
29. Nxe2 Bxa6 30. Nc3 Bf8 31. Bxf8 Rxf8 32. Nf3 Nxf3+ 33. Qxf3 f6 34. Qe3 f5
35. gxf5 Rxf5 36. Rf1 Bxf1 37. Kxf1 Qf8 38. Qg3 Qa3 39. Qg2 Rc8 40. Qg3 Rc4 41.
Qe3 Rxa4 42. Ra2 Qxa2 43. Nxa2 Rxa2 44. Ke1 Rfxf2 45. Qh3 Kf7 46. Qd3 Rae2+ 47.
Kd1 Rd2+ 0-1

[Event "Championnat de France - Open D"]
[Site "Pau"]
[Date "2008.08.19"]
[Round "7.10"]
[White "Riballet, Jean-Paul"]
[Black "Buclon, Francois"]
[Result "0-1"]
[WhiteElo "1470"]
[BlackElo "1410"]
[PlyCount "92"]

1. e4 e5 2. Nf3 Nc6 3. Nc3 Nf6 4. Bb5 a6 5. Bc4 Nxe4 6. Nd5 Nd6 7. d3 Nxc4 8.
dxc4 d6 9. h3 Na5 10. b3 c6 11. Nc3 Be7 12. Bb2 O-O 13. O-O b5 14. Qe2 bxc4 15.
bxc4 Nb7 16. Rad1 Bf5 17. Rfe1 Nc5 18. Rd2 Qa5 19. a3 Rab8 20. Nd1 Ne4 21. Rd3
Qc5 22. Re3 Ng5 23. Nxg5 Bxg5 24. Rb3 Be6 25. Rc3 Bf6 26. Qe4 Bd8 27. Rg3 Qxc4
28. Rxg7+ Kxg7 29. Bxe5+ dxe5 30. Qxe5+ Bf6 31. Qg3+ Kh8 32. Ne3 Qc3 33. Rf1
Be5 34. Qh4 Qxa3 35. Ng4 Bxg4 36. Qxg4 Qc3 37. Qe2 Rb2 38. Qxa6 Rfb8 39. g3
Rxc2 40. Qa7 Bxg3 41. Qxf7 Bxf2+ 42. Kh1 Bg3 43. Qa7 Rg8 44. Rf7 Qe1+ 45. Qg1
Qe4+ 46. Rf3 Qxf3+ 0-1

[Event "Championnat de France - Open D"]
[Site "Pau"]
[Date "2008.08.20"]
[Round "8.1"]
[White "Billon, Florent"]
[Black "Monnet, Sebastien"]
[Result "0-1"]
[WhiteElo "1450"]
[BlackElo "1431"]
[PlyCount "73"]

1. d4 Nf6 2. c4 e5 3. d5 Bc5 4. Bg5 Bxf2+ 5. Kxf2 Ng4+ 6. Ke1 Qxg5 7. Nf3 Qe3
8. Qd2 Qf2+ 9. Kd1 Ne3+ 10. Kc1 Nxf1 11. Qd1 Qe3+ 12. Nbd2 Nxd2 13. Nxd2 d6 14.
h3 Na6 15. Rf1 Bd7 16. Rf3 Qg5 17. Qf1 O-O 18. Kd1 f5 19. Qh1 Nc5 20. h4 Qh6
21. Kc2 Ne4 22. Nxe4 fxe4 23. Rg3 Rf2 24. Re1 Raf8 25. b3 R8f4 26. h5 Rg4 27.
Rxg4 Bxg4 28. Qh4 Qf4 29. Qd8+ Qf8 30. Qxc7 Bxe2 31. Kc3 Rf7 32. Qa5 b6 33. Qa3
Bd3 34. Qb2 Rf2 35. Qc1 Rc2+ 36. Qxc2 Bxc2 37. Kxc2 0-1

[Event "Championnat de France - Open D"]
[Site "Pau"]
[Date "2008.08.20"]
[Round "8.2"]
[White "Bonnave, Olivier"]
[Black "Sanchez, Amelie"]
[Result "0-1"]
[WhiteElo "1499"]
[BlackElo "1470"]
[PlyCount "36"]

1. e4 e5 2. Nf3 Nc6 3. Bb5 Nf6 4. Nc3 Bb4 5. Bxc6 bxc6 6. d3 d5 7. Bd2 d4 8.
Na4 Bxd2+ 9. Nxd2 Qd6 10. b3 O-O 11. O-O Nd7 12. Nb2 Qg6 13. f4 exf4 14. Rxf4
Ne5 15. Nf3 Qh6 16. Qd2 Nxf3+ 17. gxf3 Bh3 18. Qf2 Qxf4 0-1

[Event "Championnat de France - Open D"]
[Site "Pau"]
[Date "2008.08.20"]
[Round "8.3"]
[White "Boualit, Michael"]
[Black "Gac, Jean-Luc"]
[Result "1-0"]
[WhiteElo "1499"]
[BlackElo "1449"]
[PlyCount "139"]

1. d4 Nf6 2. Bf4 d5 3. e3 e6 4. Nd2 Be7 5. Bd3 c5 6. c3 c4 7. Bc2 b5 8. Ngf3
Nbd7 9. Ne5 Bb7 10. Qf3 O-O 11. h4 Nxe5 12. dxe5 Ne8 13. Rh3 f5 14. Ke2 Qc7 15.
Qg3 b4 16. Nf3 bxc3 17. bxc3 Rf7 18. Nd4 Bc8 19. h5 Bd8 20. h6 g6 21. Qh2 Rb8
22. Qg1 Rb2 23. Qc1 Qb6 24. a4 g5 25. Bxg5 Bxg5 26. Rg3 Qb8 27. Rxg5+ Kf8 28.
f4 Rbb7 29. Qe1 Qc7 30. a5 Rb2 31. Kf3 Bd7 32. Qg3 Ke7 33. Rg8 Rb8 34. Qh4+ Nf6
35. Rxb8 Qxb8 36. Rb1 Qg8 37. exf6+ Rxf6 38. Kf2 Qd8 39. Rb7 Ke8 40. Rb8 Qxb8
41. Qxf6 Qd6 42. Qh8+ Qf8 43. Qxh7 Qf7 44. Qh8+ Qf8 45. Qxf8+ Kxf8 46. g4 fxg4
47. Kg3 Kg8 48. Ne2 a6 49. Kxg4 e5+ 50. Kg5 e4 51. Ng3 Be8 52. Nh5 Bf7 53. Nf6+
Kh8 54. Kf5 d4 55. Kxe4 d3 56. Bd1 d2 57. Kd4 Bg6 58. e4 Bf7 59. Ke3 Bg6 60. f5
Bxf5 61. Kxd2 Bg6 62. Ke3 Bf7 63. Kd4 Be6 64. e5 Bc8 65. Kxc4 Bh3 66. Kc5 Bg2
67. e6 Bc6 68. e7 Ba4 69. e8=R+ Bxe8 70. Nxe8 1-0

[Event "Championnat de France - Open D"]
[Site "Pau"]
[Date "2008.08.20"]
[Round "8.4"]
[White "Parisot, Anthony"]
[Black "Ulloa, Philippe"]
[Result "0-1"]
[WhiteElo "1490"]
[BlackElo "1440"]
[PlyCount "112"]

1. Nf3 d5 2. d4 Nf6 3. c4 e6 4. Nc3 Be7 5. Bg5 c6 6. e3 O-O 7. Bd3 dxc4 8. Bxc4
b5 9. Be2 a6 10. O-O Nd5 11. Bxe7 Qxe7 12. Rc1 Bb7 13. Qc2 Nd7 14. Nxd5 cxd5
15. Qc7 Rab8 16. Ne5 Rfc8 17. Qxd7 Kf8 18. Rxc8+ Rxc8 19. Qxe7+ Kxe7 20. Rb1 f6
21. Nd3 Rc7 22. Rc1 Bc6 23. Kf1 a5 24. b4 a4 25. Nf4 Kd6 26. h4 g6 27. g4 e5
28. dxe5+ fxe5 29. Nd3 h6 30. f4 exf4 31. exf4 d4 32. Kf2 Rf7 33. Bf3 Bd7 34.
Rc5 Be8 35. Rd5+ Kc7 36. Rxd4 g5 37. hxg5 hxg5 38. f5 Rh7 39. Kg2 Kb6 40. a3
Rc7 41. Nc5 Re7 42. Rd3 Re1 43. Kf2 Ra1 44. Ke3 Bf7 45. Bd5 Bxd5 46. Rxd5 Rxa3+
47. Rd3 Ra1 48. Rd4 Rb1 49. Kd3 a3 50. Kc2 a2 51. Rd1 Rxd1 52. Kxd1 a1=Q+ 53.
Ke2 Qb2+ 54. Ke3 Qxb4 55. Nd3 Qxg4 56. f6 Qe6+ 0-1

[Event "Championnat de France - Open D"]
[Site "Pau"]
[Date "2008.08.20"]
[Round "8.5"]
[White "Ollier, Patrice"]
[Black "Trocme, Jacques"]
[Result "1-0"]
[WhiteElo "1460"]
[BlackElo "1480"]
[PlyCount "86"]

1. c4 d6 2. Nc3 e6 3. g3 g6 4. Bg2 Bg7 5. Qb3 c6 6. e3 Ne7 7. d4 Qc7 8. Nge2
Na6 9. a3 e5 10. dxe5 Nc5 11. Qc2 Bxe5 12. b4 Ne6 13. f4 Bg7 14. O-O Bd7 15.
Rb1 a6 16. Rd1 b5 17. cxb5 axb5 18. Bb2 f6 19. Ne4 Nd5 20. Rd3 Ke7 21. N4c3
Nxc3 22. Rxc3 Ra6 23. Rc1 c5 24. bxc5 Nxc5 25. Bd5 Re8 26. Nd4 Qb6 27. f5 g5
28. Nb3 Rc8 29. Nxc5 dxc5 30. Qe4+ Kd8 31. Bb7 Bc6 32. Rd1+ Kc7 33. Qe7+ Kb8
34. Bxc8 Kxc8 35. Qxg7 Ra7 36. Qxf6 Kb7 37. Rcd3 c4 38. Bd4 Qa5 39. Qf7+ Qc7
40. Qxc7+ Kxc7 41. Bxa7 cxd3 42. Rxd3 Kb7 43. Bc5 Be4 1-0

[Event "Championnat de France - Open D"]
[Site "Pau"]
[Date "2008.08.20"]
[Round "8.6"]
[White "Barta, Ismael"]
[Black "Roux, Jean-Marie"]
[Result "1/2-1/2"]
[WhiteElo "1399"]
[BlackElo "1470"]
[PlyCount "146"]

1. e4 e5 2. Nf3 Nc6 3. Bb5 Nd4 4. Nxd4 exd4 5. d3 Nf6 6. Bg5 Be7 7. Nd2 c6 8.
Bc4 O-O 9. O-O a5 10. a4 d5 11. Bxf6 Bxf6 12. exd5 cxd5 13. Bb5 Be6 14. Nf3 Bg4
15. h3 Bh5 16. g4 Bg6 17. Qd2 Qc7 18. Nh2 Rac8 19. Rac1 Be5 20. f4 Bd6 21. f5
Bh5 22. gxh5 Kh8 23. Kh1 Rg8 24. Nf3 Bf4 25. Qe2 Bxc1 26. Rxc1 Qf4 27. Rg1 Qxf5
28. Nxd4 Qxh3+ 29. Qh2 Qe3 30. c3 Rcd8 31. Qe2 Qf4 32. Qg4 Qd2 33. Qg2 Qf4 34.
Qg4 Qf6 35. Qg5 Qf2 36. h6 Qf6 37. hxg7+ Qxg7 38. Qxg7+ Rxg7 39. Rxg7 Kxg7 40.
Kg2 h5 41. Kg3 Kg6 42. Nf3 f5 43. d4 Rg8 44. Kf4 Rh8 45. Nh4+ Kf6 46. Bd3 Re8
47. Nxf5 Re1 48. Ne3 Rg1 49. Nxd5+ Kg7 50. Ne3 h4 51. Bf5 Kf6 52. Be4 b6 53.
Nd5+ Kf7 54. Nxb6 h3 55. Nc4 h2 56. Nxa5 Re1 57. Kg3 Rxe4 58. Kxh2 Rg4 59. b4
Ke6 60. Nc4 Rg8 61. Ne3 Kd6 62. Nf5+ Kc7 63. d5 Rg5 64. Ne3 Re5 65. d6+ Kd7 66.
Nc4 Re4 67. Nb6+ Kxd6 68. c4 Kc6 69. a5 Kb7 70. b5 Re5 71. Nd7 Re7 72. Nc5+ Kb8
73. a6 Rc7 1/2-1/2

[Event "Championnat de France - Open D"]
[Site "Pau"]
[Date "2008.08.20"]
[Round "8.7"]
[White "Buclon, Francois"]
[Black "Sanchez, Remi"]
[Result "1/2-1/2"]
[WhiteElo "1410"]
[BlackElo "1400"]
[PlyCount "78"]
[EventDate "2008.??.??"]

1. e4 e6 2. d4 d5 3. Nc3 b6 4. Nf3 dxe4 5. Nxe4 Bb7 6. Nc3 Nc6 7. Be2 Nf6 8.
O-O Bd6 9. Bg5 e5 10. d5 Ne7 11. Bxf6 gxf6 12. Bb5+ Kf8 13. Nh4 Ng6 14. Nf5 Bc8
15. Qh5 Bxf5 16. Qxf5 Nf4 17. Bc6 Rb8 18. g3 Ng6 19. Ne4 Ne7 20. Qxf6 Ng6 21.
Qxd8+ Rxd8 22. Nxd6 Rxd6 23. Rfe1 f6 24. Rad1 Kf7 25. b4 Ne7 26. b5 Rhd8 27. c4
Nxc6 28. bxc6 a6 29. a4 Rb8 30. Re2 Rg8 31. h3 h5 32. Kg2 Re8 33. f4 e4 34. Kf2
Kg6 35. g4 hxg4 36. hxg4 f5 37. gxf5+ Kxf5 38. Ke3 Rg6 39. Kd4 Rg4 1/2-1/2

[Event "Championnat de France - Open D"]
[Site "Pau"]
[Date "2008.08.20"]
[Round "8.8"]
[White "Lallement, Jose"]
[Black "Laudat, Philippe"]
[Result "0-1"]
[WhiteElo "1490"]
[BlackElo "1457"]
[PlyCount "154"]

1. d4 d5 2. Nf3 Bg4 3. Nbd2 Nc6 4. e3 e6 5. a3 Nf6 6. c4 Ne4 7. c5 e5 8. Be2
exd4 9. Nxd4 Bxe2 10. Qxe2 Bxc5 11. Nxc6 bxc6 12. Nxe4 dxe4 13. b4 Bd6 14. Qc4
O-O 15. Qxe4 c5 16. bxc5 Bxc5 17. O-O Qf6 18. Rb1 Bb6 19. Bb2 Qh6 20. Rbc1 Rae8
21. Qc6 Re6 22. Qc3 Rfe8 23. Kh1 Rd8 24. Rfd1 Rxd1+ 25. Rxd1 Re8 26. a4 a5 27.
Rd7 Qg6 28. Qc4 Rf8 29. Qc1 Qf5 30. Rd2 Qe4 31. Bd4 c5 32. Qb2 cxd4 33. Qxb6
dxe3 34. fxe3 Qxa4 35. Kg1 Qa1+ 36. Kf2 a4 37. Rd8 Qa3 38. Qa5 Rxd8 39. Qxd8+
Qf8 40. Qa5 a3 41. g3 h6 42. Ke2 Qd6 43. Qa4 g5 44. Ke1 Qc5 45. Kd2 Qd5+ 46.
Kc3 a2 47. Kb2 Qd2+ 48. Ka1 Qxh2 49. Qe8+ Kg7 50. Qe5+ Kg6 51. Qe4+ f5 52. Qe8+
Kf6 53. Qc6+ Ke5 54. Qe8+ Kd5 55. Qf7+ Ke4 56. Qe6+ Kf3 57. Qxf5+ Kxe3 58. Qe5+
Kf3 59. Qc3+ Kg4 60. Qd3 Qxg3 61. Qe4+ Kh3 62. Qh1+ Qh2 63. Qf3+ Kh4 64. Qe4+
g4 65. Qe7+ Kh3 66. Qe3+ g3 67. Qxh6+ Kg2 68. Qd2+ Kh1 69. Qd5+ g2 70. Kxa2 Qg3
71. Kb2 Kh2 72. Qh5+ Kg1 73. Qd1+ Kf2 74. Qd2+ Kf3 75. Qd1+ Kf4 76. Qd4+ Kf5
77. Qd5+ Qe5+ 0-1

[Event "Championnat de France - Open D"]
[Site "Pau"]
[Date "2008.08.20"]
[Round "8.9"]
[White "Doucet, Claude"]
[Black "Baldi, Valentine"]
[Result "0-1"]
[WhiteElo "1370"]
[BlackElo "1480"]
[PlyCount "42"]

1. d4 c6 2. e4 d5 3. Nc3 dxe4 4. Nxe4 Bf5 5. Ng3 Bg6 6. h4 h6 7. h5 Bh7 8. Bd3
Bxd3 9. Qxd3 e6 10. Nf3 Nd7 11. Bf4 Be7 12. O-O-O Ngf6 13. Ne5 Nd5 14. Qf3 Nxf4
15. Qxf4 Bg5 16. Qxg5 Qxg5+ 17. Kb1 Nxe5 18. Ne4 Qxg2 19. dxe5 Qxe4 20. Rhe1
Qb4 21. Re3 O-O 0-1

[Event "Championnat de France - Open D"]
[Site "Pau"]
[Date "2008.08.20"]
[Round "8.10"]
[White "Souchaud, Raymond"]
[Black "Louot, Catherine"]
[Result "0-1"]
[WhiteElo "1480"]
[BlackElo "1430"]
[PlyCount "64"]

1. Nf3 Nf6 2. d4 d5 3. e3 Bf5 4. c4 c6 5. Nc3 e6 6. a3 Nbd7 7. c5 g6 8. Bd3
Bxd3 9. Qxd3 Bg7 10. h3 O-O 11. O-O Re8 12. Re1 Qc7 13. b4 e5 14. dxe5 Nxe5 15.
Nxe5 Qxe5 16. Bb2 Qg5 17. f4 Qh4 18. Qe2 d4 19. Nd1 Nd5 20. Qf2 Qxf2+ 21. Kxf2
dxe3+ 22. Kf3 Bxb2 23. Nxb2 Re6 24. f5 gxf5 25. Nc4 f4 26. Ra2 Rg6 27. Ne5 Rg3+
28. Ke4 Rf8 29. Kd4 Kg7 30. Nd3 Re8 31. Rae2 f5 32. Rf1 Re4# 0-1

[Event "Championnat de France - Open D"]
[Site "Pau"]
[Date "2008.08.21"]
[Round "9.1"]
[White "Monnet, Sebastien"]
[Black "Boualit, Michael"]
[Result "1-0"]
[WhiteElo "1431"]
[BlackElo "1499"]
[PlyCount "99"]

1. e4 e5 2. Nf3 Nf6 3. d4 exd4 4. e5 Ne4 5. Qxd4 d5 6. Bd3 Bc5 7. Qa4+ Bd7 8.
Qb3 Bxf2+ 9. Kf1 Bc6 10. Bxe4 dxe4 11. Ng5 O-O 12. Kxf2 Qd4+ 13. Be3 Qxe5 14.
Rf1 h6 15. Nh3 b6 16. Nd2 Nd7 17. Kg1 Nf6 18. Bf4 Qc5+ 19. Be3 Qe5 20. Nc4 Qe7
21. Nf2 Rad8 22. Rad1 Nd5 23. Rfe1 Nxe3 24. Nxe3 Ra8 25. Qc3 Bb7 26. Nh3 Kh8
27. Nf5 Qf6 28. Qxf6 gxf6 29. Nxh6 Kh7 30. Nf5 Bc6 31. Nf4 Rfe8 32. Re3 Re5 33.
Rh3+ Kg8 34. Nh6+ Kg7 35. Ng4 Rg5 36. Ne3 Rh8 37. Rg3 Rxg3 38. Nf5+ Kh7 39.
Nxg3 Kh6 40. Kf2 Kg5 41. Nh3+ Kg4 42. Kg1 f5 43. Nf2+ Kg5 44. Ne2 f4 45. Nh3+
Kg4 46. Nhxf4 f5 47. h3+ Kg5 48. Ne6+ Kh4 49. N2d4 Rd8 50. Nxf5+ 1-0

[Event "Championnat de France - Open D"]
[Site "Pau"]
[Date "2008.08.21"]
[Round "9.2"]
[White "Sanchez, Amelie"]
[Black "Billon, Florent"]
[Result "1-0"]
[WhiteElo "1470"]
[BlackElo "1450"]
[PlyCount "65"]

1. e4 e5 2. Nf3 Nc6 3. Bb5 a6 4. Ba4 Nf6 5. c3 b5 6. Bc2 d5 7. exd5 Nxd5 8. d3
Bg4 9. Nbd2 Nf4 10. O-O Qf6 11. Qe1 Bd6 12. Ne4 Qe7 13. Nxd6+ Qxd6 14. Bxf4 O-O
15. Bxe5 Nxe5 16. Nxe5 Rae8 17. d4 a5 18. Qe4 f5 19. Bb3+ Re6 20. Bxe6+ Qxe6
21. Qf4 g5 22. Qxg5+ Kh8 23. Nxg4 Rg8 24. Qf6+ Qxf6 25. Nxf6 Rg6 26. Nd5 Rg5
27. Rae1 c6 28. Ne7 f4 29. Re5 Rg7 30. Nxc6 h6 31. Rfe1 f3 32. Re8+ Kh7 33.
R1e7 1-0

[Event "Championnat de France - Open D"]
[Site "Pau"]
[Date "2008.08.21"]
[Round "9.3"]
[White "Ulloa, Philippe"]
[Black "Ollier, Patrice"]
[Result "0-1"]
[WhiteElo "1440"]
[BlackElo "1460"]
[PlyCount "63"]

1. d4 e6 2. c4 Nf6 3. e3 b6 4. Nf3 Bb7 5. Be2 Bb4+ 6. Nc3 Ne4 7. Qc2 f5 8. O-O
Bxc3 9. bxc3 O-O 10. a4 a5 11. Ne5 d6 12. Ba3 Nd7 13. Nd3 Qh4 14. Bf3 Rf6 15.
Nf4 Rh6 16. Nh3 Rf8 17. d5 Ne5 18. Be2 Ng5 19. f4 Nxh3+ 20. gxh3 Qxh3 21. Bd1
Qxe3+ 22. Rf2 Qe1+ 23. Rf1 Rg6+ 24. Qg2 Rxg2+ 25. Kxg2 Qxc3 26. Ra2 Nxc4 27.
Rc2 Ne3+ 28. Kg1 Nxc2 29. dxe6 Re8 30. Bc1 Qc5+ 31. Rf2 Ne3 32. Bf3 0-1

[Event "Championnat de France - Open D"]
[Site "Pau"]
[Date "2008.08.21"]
[Round "9.4"]
[White "Gac, Jean-Luc"]
[Black "Bonnave, Olivier"]
[Result "1/2-1/2"]
[WhiteElo "1449"]
[BlackElo "1499"]
[PlyCount "96"]

1. e4 e5 2. Nf3 Nc6 3. d4 exd4 4. Bc4 d6 5. Nxd4 Nxd4 6. Qxd4 Qf6 7. Be3 Qxd4
8. Bxd4 c5 9. Bb5+ Bd7 10. Bxd7+ Kxd7 11. Be3 Re8 12. Nc3 Nf6 13. f3 Kc6 14. a4
g6 15. O-O-O Nd7 16. Bf4 Ne5 17. b3 Re6 18. Rd5 Bg7 19. Rhd1 a6 20. h3 h6 21.
Ne2 b6 22. Bxe5 Bxe5 23. f4 Bg7 24. Ng3 Rd8 25. f5 Re5 26. c4 Bf6 27. fxg6 fxg6
28. Rf1 Bh4 29. Rxe5 dxe5 30. Ne2 Bg5+ 31. Kb1 Rd3 32. Rf3 Rd1+ 33. Kc2 Rd2+
34. Kb1 Rxe2 35. Rf8 Rxe4 36. Rg8 Re1+ 37. Kc2 Re2+ 38. Kd3 Rxg2 39. Rxg6+ Kd7
40. Rxb6 Rg3+ 41. Ke4 Rxh3 42. Kxe5 Bd8 43. Rxa6 Bc7+ 44. Kd5 h5 45. Kxc5 Rxb3
46. Rh6 Rh3 47. Kb5 Rh4 48. a5 Bxa5 1/2-1/2

[Event "Championnat de France - Open D"]
[Site "Pau"]
[Date "2008.08.21"]
[Round "9.5"]
[White "Louot, Catherine"]
[Black "Parisot, Anthony"]
[Result "0-1"]
[WhiteElo "1430"]
[BlackElo "1490"]
[PlyCount "68"]

1. d4 d5 2. Nf3 Nf6 3. Bf4 Bf5 4. e3 c5 5. dxc5 Qa5+ 6. Nbd2 Qxc5 7. Bd3 Bxd3
8. cxd3 Nc6 9. Rc1 Qa5 10. Qb3 Qb4 11. Qc2 e6 12. Ne5 Rc8 13. O-O Be7 14. a3
Qb6 15. b4 O-O 16. Nxc6 Rxc6 17. Qa4 Rfc8 18. Rxc6 Rxc6 19. Bg5 h6 20. Bxf6
Bxf6 21. Nb3 Qa6 22. Na5 Rc8 23. Qd7 b6 24. Nc6 Ra8 25. Rc1 Qxa3 26. Rd1 Qb3
27. Rc1 Bb2 28. Re1 Qxd3 29. Qb7 Rf8 30. Qxa7 Qc3 31. Ne7+ Kh8 32. Rf1 Qxb4 33.
Nc6 Qc4 34. Ne7 Bf6 0-1

[Event "Championnat de France - Open D"]
[Site "Pau"]
[Date "2008.08.21"]
[Round "9.6"]
[White "Baldi, Valentine"]
[Black "Virette, Celestin"]
[Result "0-1"]
[WhiteElo "1480"]
[BlackElo "1420"]
[PlyCount "120"]

1. d4 d5 2. c4 Nf6 3. Nc3 e6 4. Nf3 dxc4 5. e4 Nc6 6. Bxc4 Bb4 7. Bd3 O-O 8. e5
Nd5 9. Bxh7+ Kxh7 10. Ng5+ Qxg5 11. Bxg5 Nxc3 12. bxc3 Bxc3+ 13. Kf1 Bxa1 14.
Qxa1 b6 15. Qd1 Rh8 16. Qf3 Nxd4 17. Qxa8 Ba6+ 18. Ke1 Rxa8 19. Kd2 c5 20. Re1
Rc8 21. Re4 Rc7 22. Rh4+ Kg8 23. Rg4 Rd7 24. Kc3 Nf5 25. Bf6 Rd4 26. Rg5 Be2
27. h3 Kf8 28. g4 gxf6 29. exf6 Rd3+ 30. Kb2 Rxh3 31. gxf5 exf5 32. Rxf5 Rf3
33. Rd5 Rxf6 34. Rd7 a5 35. Rd8+ Kg7 36. Rb8 a4 37. Ka3 b5 38. Rc8 Rf5 39. Rd8
Rxf2 40. Rd2 Rf3+ 41. Kb2 a3+ 42. Kc2 Bc4 43. Rg2+ Kf8 44. Rg1 Rf2+ 45. Kc3
Rf3+ 46. Kc2 Bxa2 47. Ra1 b4 48. Rxa2 Rf2+ 49. Kb3 Rxa2 50. Kxa2 Ke7 51. Kb3 f5
52. Kc2 f4 53. Kb3 f3 54. Kc2 f2 55. Kb3 f1=Q 56. Ka4 a2 57. Ka5 a1=Q+ 58. Kb6
Kd6 59. Kb7 Qaa6+ 60. Kb8 Qf8# 0-1

[Event "Championnat de France - Open D"]
[Site "Pau"]
[Date "2008.08.21"]
[Round "9.7"]
[White "Roux, Jean-Marie"]
[Black "Buclon, Francois"]
[Result "0-1"]
[WhiteElo "1470"]
[BlackElo "1410"]
[PlyCount "126"]

1. e4 e5 2. Nf3 Nc6 3. Nc3 Nf6 4. Bc4 Nxe4 5. Nxe4 d5 6. Bd3 dxe4 7. Bxe4 Bd6
8. d3 O-O 9. Bg5 Qe8 10. Qd2 f5 11. Bd5+ Be6 12. Bxe6+ Qxe6 13. O-O h6 14. Bh4
g5 15. Bxg5 hxg5 16. Qxg5+ Kf7 17. Qh5+ Qg6 18. Ng5+ Kg7 19. Qxg6+ Kxg6 20. Nf3
Kf6 21. Rfe1 Rae8 22. c3 Ke6 23. b4 a6 24. a3 Kd7 25. c4 Nd4 26. Nxd4 exd4 27.
c5 Be5 28. a4 c6 29. g3 f4 30. Rab1 f3 31. b5 cxb5 32. axb5 axb5 33. Rxb5 Bc7
34. Rc1 Kc6 35. Rb4 Ba5 36. Rxd4 Re1+ 37. Rxe1 Bxe1 38. Rc4 Rd8 39. d4 Kb5 40.
Rc1 Bb4 41. Rd1 Kc4 42. Rc1+ Bc3 43. h4 Rxd4 44. Kh2 Kd3 45. Kh3 Rd5 46. Kg4
Rxc5 47. Kxf3 Rf5+ 48. Kg2 b5 49. g4 Rc5 50. h5 b4 51. h6 b3 52. h7 Rc8 53. Kh3
b2 54. Rg1 Rh8 55. f4 Rxh7+ 56. Kg3 Kc2 57. Rg2+ Bd2 58. Rg1 Re7 59. f5 Re1 60.
Rg2 b1=Q 61. Kh3 Rh1+ 62. Kg3 Qe1+ 63. Rf2 Qe3+ 0-1